| 000 | 01396nam2a22002291 4500 | ||
|---|---|---|---|
| 001 | v19\rc\2098262 | ||
| 005 | 20250620041840.0 | ||
| 035 | _a(NLR Aleph) 005168362 | ||
| 090 |
_a5047411 _c5047411 |
||
| 100 | _a20081218d1929 |||y0rusy50 ca | ||
| 101 | 0 | _arus | |
| 102 | _aRU | ||
| 105 | _ay z ||||| | ||
| 200 | 1 |
_aВведение _eAsciidae (Danaidae) |
|
| 210 |
_aЛенинград _cИзд-во Акад. наук _d1929 |
||
| 461 | 0 |
_1001v19\rc\2098260 _12001#$aФауна России и сопредельных стран, преимущественно по коллекциям Зоологического музея Академии наук$eТ. 1-$fПод ред. дир. Музея Акад. И.В. Насонова$iНасекомые чешуекрылые. (Insecta lepidoptera)$vТ. 1. Вып. 2 _95047397 _cПетроград _d1915-1929 _fПод ред. дир. Музея Акад. И.В. Насонова _iНасекомые чешуекрылые. (Insecta lepidoptera) _nтип. Акад. наук _oТ. 1- _tФауна России и сопредельных стран, преимущественно по коллекциям Зоологического музея Академии наук _vТ. 1. Вып. 2 |
|
| 700 | 1 |
_aКузнецов _bН.Я. |
|
| 801 | 0 |
_aRU _bNLR _gpsbo |
|
| 801 | 1 |
_aRU _bProSoft-M _2rusmarc |
|
| 852 |
_aNLR _j37.69.3.7(2) |
||
| 942 | _cBOOK | ||
| 980 | _aNB | ||